Biggest Cities in the United States in 1950 - Statistics

General Stats
  • This quiz has been taken 7 times
  • The average score is 83 of 100
Answer Stats
Population State City % Correct
134,995 NY Albany
100%
331,314 GA Atlanta
100%
132,459 TX Austin
100%
125,629 LA Baton Rouge
100%
801,444 MA Boston
100%
580,132 NY Buffalo
100%
3,620,962 IL Chicago
100%
914,808 OH Cleveland
100%
375,901 OH Columbus
100%
434,462 TX Dallas
100%
415,786 CO Denver
100%
1,849,568 MI Detroit
100%
278,778 TX Fort Worth
100%
596,163 TX Houston
100%
427,173 IN Indianapolis
100%
204,517 FL Jacksonville
100%
456,622 MO Kansas City
100%
129,553 KS Kansas City
100%
124,769 TN Knoxville
100%
250,767 CA Long Beach
100%
1,970,358 CA Los Angeles
100%
396,000 TN Memphis
100%
249,276 FL Miami
100%
637,392 WI Milwaukee
100%
521,718 MN Minneapolis
100%
174,307 TN Nashville
100%
348,776 NJ Newark
100%
164,443 CT New Haven
100%
570,445 LA New Orleans
100%
7,891,957 NY New York
100%
243,504 OK Oklahoma City
100%
2,071,605 PA Philadelphia
100%
106,818 AZ Phoenix
100%
676,806 PA Pittsburgh
100%
373,628 OR Portland
100%
230,310 VA Richmond
100%
137,572 CA Sacramento
100%
182,121 UT Salt Lake City
100%
408,442 TX San Antonio
100%
334,387 CA San Diego
100%
775,357 CA San Francisco
100%
467,591 WA Seattle
100%
856,796 MO St. Louis
100%
182,740 OK Tulsa
100%
802,178 DC Washington
100%
274,605 OH Akron
83%
949,708 MD Baltimore
83%
326,037 AL Birmingham
83%
131,041 TN Chattanooga
83%
503,998 OH Cincinnati
83%
177,965 IA Des Moines
83%
177,397 CT Hartford
83%
299,017 NJ Jersey City
83%
369,129 KY Louisville
83%
129,009 AL Mobile
83%
251,117 NE Omaha
83%
248,674 RI Providence
83%
332,488 NY Rochester
83%
311,349 MN Saint Paul
83%
119,638 GA Savannah
83%
125,536 PA Scranton
83%
161,721 WA Spokane
83%
124,681 FL Tampa
83%
128,009 NJ Trenton
83%
168,279 KS Wichita
83%
135,449 VA Arlington
67%
158,709 CT Bridgeport
67%
120,740 MA Cambridge
67%
134,042 NC Charlotte
67%
112,817 NJ Elizabeth
67%
130,485 TX El Paso
67%
130,803 PA Erie
67%
128,636 IN Evansville
67%
163,143 MI Flint
67%
133,911 IN Gary
67%
176,515 MI Grand Rapids
67%
213,513 VA Norfolk
67%
384,575 CA Oakland
67%
115,911 IN South Bend
67%
162,399 MA Springfield
67%
220,583 NY Syracuse
67%
143,673 WA Tacoma
67%
303,616 OH Toledo
67%
110,356 DE Wilmington
67%
203,486 MA Worcester
67%
106,756 PA Allentown
50%
113,805 CA Berkeley
50%
124,555 NJ Camden
50%
116,912 OH Canton
50%
108,287 TX Corpus Christi
50%
243,872 OH Dayton
50%
111,963 MA Fall River
50%
133,607 IN Fort Wayne
50%
109,189 MA New Bedford
50%
139,336 NJ Paterson
50%
111,856 IL Peoria
50%
109,320 PA Reading
50%
127,206 LA Shreveport
50%
152,798 NY Yonkers
50%
168,330 OH Youngstown
50%
No matching quizzes found
Score Distribution
Percent of People with Each Score
Percentile by Number Answered
Your Score History
You have not taken this quiz